000 00784cam a22002291 4500
001 000015431
005 20200929164035.0
008 720215s1967 ve b 000 0bspa
010 _a70266610
040 _aDO-SdBNP
_cDLC
_dDLC
050 0 0 _aBF109.W33
_bB7
100 2 _aBrito Figueroa, Luisana de.
_934829
245 1 3 _aLa contribucion de Henri Wallon a la psicologia contemporanea.
260 _aCaracas, :
_bDireccion de Cultura, Universidad Central de Venezuela,
_c1967.
300 _a151 p. ;
_c23 cm.
440 0 _aColeccion Humanismo y ciencia ;
_v4
_934830
504 _aBibliography: p. 149-151.
600 1 0 _aWallon, Henri,
_d1879-1962.
_934831
650 0 _aThought and thinking.
_934832
650 0 _aChild psychology.
_934833
910 _aCatalogación por copia / LC
999 _c14989
_d14989